[Event "Witney op-A 10th"]
[Site "Witney"]
[Date "2023.11.05"]
[Round "5"]
[White "Britnell, Jonathan"]
[Black "Robson, Ian A"]
[Result "1-0"]
[WhiteElo "2107"]
[BlackElo "2234"]
[PlyCount "31"]
[EventDate "2023.11.04"]
[EventType "swiss"]
[EventRounds "5"]
[EventCountry "ENG"]
[SourceTitle "CB46_2023"]
[SourceDate "2023.11.15"]
[SourceVersion "1"]
[SourceVersionDate "2023.11.15"]
[SourceQuality "1"]

1. Nf3 Nc6 2. c4 e5 3. Nc3 Nf6 4. g3 d5 5. cxd5 Nxd5 6. Bg2 Be6 7. 0-0 Be7 8. d4 exd4 9. Nb5 d3 10. Qxd3 Ndb4 11. Qe4 a6 12. Nc3 Nd5 13. Rd1 Nxc3 14. Rxd8+ Rxd8 15. bxc3 Rd1+ 16. Bf1 1-0

[Event "Witney op-A 10th"]
[Site "Witney"]
[Date "2023.11.05"]
[Round "4"]
[White "Gibson, Christopher A"]
[Black "Britnell, Jonathan"]
[Result "1/2-1/2"]
[WhiteElo "1913"]
[BlackElo "2107"]
[PlyCount "105"]
[EventDate "2023.11.04"]
[EventType "swiss"]
[EventRounds "5"]
[EventCountry "ENG"]
[SourceTitle "CB46_2023"]
[SourceDate "2023.11.15"]
[SourceVersion "1"]
[SourceVersionDate "2023.11.15"]
[SourceQuality "1"]

1. e4 e5 2. Nf3 Nc6 3. Bc4 Nf6 4. d3 d5 5. exd5 Nxd5 6. Qe2 f6 7. d4 Bg4 8. c3 Be7 9. Qe4 Bxf3 10. Qxf3 Nb6 11. Bb5 0-0 12. Bxc6 bxc6 13. dxe5 fxe5 14. Qxc6 Qd3 15. Nd2 Bg5 16. Ne4 Bxc1 17. Rxc1 Rad8 18. Ra1 Nd5 19. Nc5 Qc2 20. 0-0 Qxb2 21. Nd7 Rf7 22. Nxe5 Rf6 23. Qc5 Qxc3 24. Qxc3 Nxc3 25. Nf3 Ra6 26. a3 c5 27. Rfe1 Rd3 28. Kf1 h6 29. Re5 c4 30. Rc5 Ne4 31. Rc8+ Kh7 32. Ne5 Rd2 33. f3 Nd6 34. Nxc4 Nxc4 35. Rxc4 Rb6 36. Rg4 Rbb2 37. f4 h5 38. Rg3 Rf2+ 39. Kg1 Rxf4 40. Rf1 Rxf1+ 41. Kxf1 Kh6 42. Re3 Rb1+ 43. Kf2 Rb6 44. Re7 a6 45. Ra7 Kg6 46. h3 Kf6 47. a4 g5 48. a5 Rb2+ 49. Kf3 Kf5 50. Rxa6 Rb3+ 51. Kf2 Rb2+ 52. Kf3 Rb3+ 53. Kf2 1/2-1/2

[Event "Witney op-A 10th"]
[Site "Witney"]
[Date "2023.11.04"]
[Round "1"]
[White "Britnell, Jonathan"]
[Black "Zhang, Junyi"]
[Result "1/2-1/2"]
[WhiteElo "2107"]
[BlackElo "1868"]
[PlyCount "57"]
[EventDate "2023.11.04"]
[EventType "swiss"]
[EventRounds "5"]
[EventCountry "ENG"]
[SourceTitle "CB46_2023"]
[SourceDate "2023.11.15"]
[SourceVersion "1"]
[SourceVersionDate "2023.11.15"]
[SourceQuality "1"]

1. e4 c5 2. Nf3 e6 3. d4 cxd4 4. Nxd4 Nf6 5. Nc3 Nc6 6. Be3 Bb4 7. f3 d5 8. Nxc6 bxc6 9. e5 Nd7 10. f4 0-0 11. Be2 f6 12. exf6 Qxf6 13. 0-0 Bxc3 14. bxc3 Qxc3 15. Bd4 Qa3 16. Bd3 Nf6 17. g4 Ba6 18. Qe2 Bxd3 19. Qxe6+ Kh8 20. cxd3 Qxd3 21. Rad1 Qg6 22. h3 Rfe8 23. Qxc6 Rac8 24. Qb7 Nxg4 25. Qxg7+ Qxg7 26. Bxg7+ Kxg7 27. hxg4 Rc2 28. Rf2 Ree2 29. Rxe2 1/2-1/2

[Event "Cambridge op"]
[Site "Cambridge"]
[Date "2023.02.17"]
[Round "5"]
[White "Britnell, Jonathan"]
[Black "Waller, Dan"]
[Result "0-1"]
[WhiteElo "1708"]
[BlackElo "2117"]
[PlyCount "62"]
[EventDate "2023.02.15"]
[EventType "swiss"]
[EventRounds "9"]
[EventCountry "ENG"]
[SourceTitle "CBM 212 Extra"]
[Source "ChessBase"]
[SourceDate "2023.03.31"]
[SourceVersion "1"]
[SourceVersionDate "2023.03.31"]
[SourceQuality "1"]

1. e4 c5 2. Nf3 g6 3. d4 cxd4 4. Nxd4 Nc6 5. Nc3 Bg7 6. Be3 Nf6 7. Bc4 0-0 8. Bb3 a6 9. f3 Qc7 10. Qd2 b5 11. 0-0-0 Bb7 12. h4 h5 13. g4 e6 14. Nxc6 Bxc6 15. Bf4 Qb6 16. e5 Nh7 17. Rh3 b4 18. Ne2 a5 19. gxh5 a4 20. Bc4 Rfc8 21. hxg6 fxg6 22. Bd3 b3 23. axb3 axb3 24. c3 Ra1+ 25. Bb1 Qa5 26. Qd3 Bb5 27. Qxg6 Nf8 28. Qg2 Bxe2 29. Bh6 Rxc3+ 30. Kd2 Rc2+ 31. Ke3 Qxe5+ 0-1

[Event "Hastings Weekend op"]
[Site "Hastings"]
[Date "2023.01.07"]
[Round "3"]
[White "Britnell, Jonathan"]
[Black "Marusenko, Petr"]
[Result "1/2-1/2"]
[WhiteElo "1653"]
[BlackElo "2041"]
[PlyCount "85"]
[EventDate "2023.01.07"]
[EventType "swiss"]
[EventRounds "5"]
[EventCountry "ENG"]
[SourceTitle "CBM 212 Extra"]
[Source "ChessBase"]
[SourceDate "2023.03.31"]
[SourceVersion "1"]
[SourceVersionDate "2023.03.31"]
[SourceQuality "1"]

1. e4 c6 2. d4 d5 3. Nd2 dxe4 4. Nxe4 Bf5 5. Ng3 Bg6 6. h4 h6 7. Nf3 Nd7 8. h5 Bh7 9. Bd3 Bxd3 10. Qxd3 e6 11. Bd2 Ngf6 12. 0-0-0 Qb6 13. Ne5 Nxe5 14. dxe5 Rd8 15. Qe2 Nd5 16. Ne4 Be7 17. Qg4 Kf8 18. Rhe1 c5 19. f4 c4 20. f5 exf5 21. Qxf5 Qe6 22. g4 b5 23. Rf1 Ke8 24. Rde1 c3 25. Bxc3 Nxc3 26. Qxe6 fxe6 27. Nxc3 Bg5+ 28. Kb1 Bd2 29. Re4 Bxc3 30. bxc3 Rf8 31. Rxf8+ Kxf8 32. Rd4 Rc8 33. Kb2 Ke7 34. Kb3 Rc5 35. Re4 a5 36. a3 Kf7 37. Rf4+ Kg8 38. Re4 g5 39. c4 bxc4+ 40. Kc3 Kf7 41. Kd4 Rc8 42. Kc3 Rc5 43. Kd4 1/2-1/2

[Event "GBR-ch AM op 106th"]
[Site "Torquay"]
[Date "2019.08.02"]
[Round "5"]
[White "Britnell, Jonathan"]
[Black "Faldon, David J"]
[Result "1/2-1/2"]
[WhiteElo "1590"]
[BlackElo "1904"]
[PlyCount "43"]
[EventDate "2019.07.29"]
[EventType "swiss"]
[EventRounds "5"]
[EventCountry "ENG"]
[SourceTitle "EXT 2021"]
[Source "ChessBase"]
[SourceDate "2020.10.23"]
[SourceVersion "1"]
[SourceVersionDate "2020.10.23"]
[SourceQuality "1"]

1. e4 c5 2. Nf3 e6 3. d4 cxd4 4. Nxd4 Nc6 5. Nc3 Qc7 6. a3 a6 7. Be3 b5 8. Qd2 Bb7 9. f3 Nf6 10. Be2 Be7 11. g4 Nxd4 12. Bxd4 Rc8 13. Rd1 b4 14. axb4 Bxb4 15. Qg5 Be7 16. e5 h6 17. Qf4 Nd5 18. Nxd5 Bxd5 19. c3 Bh4+ 20. Kf1 Bc4 21. Qe4 0-0 22. Ra1 1/2-1/2

[Event "Witney op U170 6th"]
[Site "Witney"]
[Date "2018.11.03"]
[Round "2"]
[White "Headlong, Fenella"]
[Black "Britnell, Jonathan"]
[Result "1/2-1/2"]
[WhiteElo "1756"]
[BlackElo "1550"]
[PlyCount "29"]
[EventDate "2018.11.03"]
[EventType "swiss"]
[EventRounds "5"]
[EventCountry "ENG"]
[SourceTitle "CBM 187 Extra"]
[Source "ChessBase"]
[SourceDate "2018.11.04"]
[SourceVersion "1"]
[SourceVersionDate "2018.11.04"]
[SourceQuality "1"]

1. e4 e5 2. Nf3 Nc6 3. Bc4 Nf6 4. d3 Be7 5. 0-0 0-0 6. Nc3 d6 7. h3 Nd7 8. Nd5 Nb6 9. Nxe7+ Nxe7 10. Bb3 h6 11. d4 exd4 12. Qxd4 d5 13. Bxd5 Nbxd5 14. exd5 Qxd5 15. Bf4 1/2-1/2